Διεθνές δίκαιο : με έμφαση στο δίκαιο του πολέμου

Αποθηκεύτηκε σε:
Λεπτομέρειες βιβλιογραφικής εγγραφής
Κύριος συγγραφέας: Καρεκλάς, Ιάκωβος
Μορφή: Βιβλίο
Γλώσσα:Greek
Δημοσίευση: Αθήνα : Νομική Βιβλιοθήκη, c2014.
Θέματα:
Ετικέτες: Προσθήκη ετικέτας
Δεν υπάρχουν, Καταχωρήστε ετικέτα πρώτοι!

MARC

LEADER 00000nam a2200000 a 4500
001 1/118623
008 190513s2014####gr | ||| |||| ||gre||
020 |a 9789605622664 
040 |a GR-MyUa  |b gre  |c GR-MyUa  |e AACR2 
041 0 |a gre 
082 7 |a 341.6   |2 (23) 
100 1 |a Καρεκλάς, Ιάκωβος. 
245 1 0 |a Διεθνές δίκαιο :   |b με έμφαση στο δίκαιο του πολέμου /   |c Ιάκωβος Καρεκλάς.  
260 |a Αθήνα :   |b Νομική Βιβλιοθήκη,   |c c2014.  
300 |a 200 σ. ;   |c 21 εκ.  
504 |a Βιβλιογραφία : σ. 195-197.  
650 0 |a International law. 
650 0 |a War (International law) 
650 0 |a International law  |x History. 
852 |a INST  |b RHODES  |c EUDOXUS  |e 20190513  |h 341.6 ΚΑΡ  |p 005400040732  |q 005400040732  |t EDX  |y 0 
852 |a INST  |b RHODES  |c EUDOXUS  |e 20190513  |h 341.6 ΚΑΡ  |p 005400040733  |q 005400040733  |t EDX  |y 0 
920 |a Εύδοξος  |b Παραγγελία  |y Ρόδος-ΤΜΣ  |z 2019-05 
970 |z 13-05-2019